000 00377nam a22001571a 4500
020 _a9788176481229
082 _a305.409 54
_bTHA/W
100 _aThara Bhai L
245 _aWomen's studies in India/
_cby Thara Bhai L
260 _aNew Delhi:
_bA P H,
_c2000.
300 _a232p.
650 _aFeminism
650 _aWomen Studies
650 _aSocial Sciences
942 _cBK
999 _c51189
_d51189